000 00326nam a2200133Ia 4500
008 190216s9999||||xx |||||||||||||| ||und||
100 _aSreedhara Menon.A
245 0 _aSurvey Of Kerala History
250 _aREVISED EDITION
260 _bS Vishwanathan
_c2003
300 _a474p
650 _aHistory Of Malaya
942 _cBK
999 _c18638
_d18638